• 首页
  • 本馆介绍
  • 公告通知
  • 最新文献
  • 馆藏检索
  • 电子资源
  • 读者导购
  • 参考咨询
  • 我的图书馆
  • 登录
  • 详细信息显示
  • 放入我的书架
  • 预约/预借图书
  • 作者相关作品
  • 分类相关作品
  • 丛书相关作品
  • 出版社相关作品

书目信息

  • 表格格式
  • 工作单格式
  • 卡片格式
题名:
形体训练与舞蹈编导基础
    
 
作者: 田培培 编著
分册:  
出版信息: 上海   上海音乐出版社  2008.03
页数: 284页
开本: 26cm
丛书名:
单 册:
中图分类: J711 , J712.2
科图分类:
主题词: 舞蹈编导--高等学校--教材 , 舞蹈训练--高等学校--教材
电子资源:
ISBN: 978-7-80751-084-0
000 01106nam0 2200289 450
001 012004239921
005 20140707104934.57
010    @a978-7-80751-084-0@dCNY40.00
100    @a20080512d2008 em y0chiy0110 ea
101 0  @achi
102    @aCN@b310000
105    @ay z 000yy
106    @ar
200 1  @a形体训练与舞蹈编导基础@9xing ti xun lian yu wu dao bian dao ji chu@f田培培编著
210    @a上海@c上海音乐出版社@d2008.03
215    @a284页@d26cm
300    @a全国普通高等学校音乐学(教师教育)本科专业教材
306    @a题名页、封面及书脊出版社题:上海音乐出版社 人民音乐出版社
330    @a本书内容由舞蹈编导基础知识、舞蹈形体基本训练两部分组成。第一部分从应用角度出发,对舞蹈创作的编导能力、舞蹈构成的结构、创作语言、动作动机与发展、即兴编舞等舞蹈编导必要相关知识进行解读。第二部分涵盖了芭蕾、古典、现代三类舞种的形体训练方法。
606 0  @a舞蹈编导@x高等学校@j教材
606 0  @a舞蹈训练@x高等学校@j教材
610 0  @a形体训练
690    @aJ711@v4
690    @aJ712.2@v4
701  0 @a田培培@9tian pei pei@4编著
801  0 @aCN@bNLC@c20080512
905    @b847391-93@dJ711@e132@f3
    
    形体训练与舞蹈编导基础/田培培编著.-上海:上海音乐出版社,2008.03
    284页;26cm
    全国普通高等学校音乐学(教师教育)本科专业教材
    
    ISBN 978-7-80751-084-0:CNY40.00
    本书内容由舞蹈编导基础知识、舞蹈形体基本训练两部分组成。第一部分从应用角度出发,对舞蹈创作的编导能力、舞蹈构成的结构、创作语言、动作动机与发展、即兴编舞等舞蹈编导必要相关知识进行解读。第二部分涵盖了芭蕾、古典、现代三类舞种的形体训练方法。
●
相关链接 在E读中查询图书 在五车中查询图书 在当当中查询图书 在豆瓣中查询图书


正题名:形体训练与舞蹈编导基础     索取号:J711/132         预约/预借

序号 登录号 条形码 馆藏地/架位号 状态 备注
1 847391   208473917   第一样本阅览室/ [索取号:J711/132] 在馆    
2 847392   208473926   音乐系资料室/ [索取号:J711/132] 在馆    
3 847393   208473935   第一借阅区/ [索取号:J711/132] 在馆    
唐山师范学院图书馆 欢迎您!
大连网信软件有限公司© 版权所有